000 00424pab a2200157 454500
008 180718b2017 xxu||||| |||| 00| 0 eng d
100 _aBanerjee, Sumanta
245 _aFrom Naxalbari to Chhattisgarh: half-a-century of Maoist journey in India
260 _c2017
300 _ap.43-47.
362 _a27 May
650 _aNaxalism
650 _aTerrorism
773 _aEconomic and Political Weekly
909 _a114856
999 _c114850
_d114850